<?xml version="1.0" encoding="UTF-8"?>
<collection xmlns="http://www.loc.gov/MARC21/slim">
 <record>
  <leader>01458nam a22002415a 4500</leader>
  <controlfield tag="001">EUN.eunm009582</controlfield>
  <controlfield tag="008">250829s2024####sp#####g######000#0#spa#d</controlfield>
  <controlfield tag="005">20251113125517.0</controlfield>
  <datafield tag="245" ind1="1" ind2="3">
   <subfield code="a">La otra guerra :</subfield>
   <subfield code="b">una historia del cementerio argentino en las islas Malvinas /</subfield>
   <subfield code="c">Leila Guerriero.</subfield>
  </datafield>
  <datafield tag="250" ind1=" " ind2=" ">
   <subfield code="a">4a. ed.</subfield>
  </datafield>
  <datafield tag="260" ind1=" " ind2=" ">
   <subfield code="a">Barcelona :</subfield>
   <subfield code="b">Anagrama,</subfield>
   <subfield code="c">2024.</subfield>
  </datafield>
  <datafield tag="300" ind1=" " ind2=" ">
   <subfield code="a">94 p. ;</subfield>
   <subfield code="c">18 cm.</subfield>
  </datafield>
  <datafield tag="490" ind1="1" ind2=" ">
   <subfield code="a">Nuevos cuadernos Anagrama ;</subfield>
   <subfield code="v">37</subfield>
  </datafield>
  <datafield tag="520" ind1="2" ind2=" ">
   <subfield code="a">&quot;En 1982, tras la guerra entre Argentina y Gran Bretaña por las islas Malvinas, el ejército inglés ordenó al oficial Cardozo que identificara a los soldados argentinos fallecidos en ese territorio y diseñara un cementerio para albergarlos. Los resultados de su trabajo llegaron al gobierno argentino, que no los hizo públicos ni los dio a conocer a los familiares de los caídos, de modo que estos permanecieron sin identificar. Este libro narra los esfuerzos exitosos y recientes, por restituir una memoria opacada por la inacción institucional, el orgullo nacionalista y la sombra de la dictadura.&quot; p.[1]</subfield>
  </datafield>
  <datafield tag="020" ind1=" " ind2=" ">
   <subfield code="a">9788433916488</subfield>
  </datafield>
  <datafield tag="100" ind1="1" ind2=" ">
   <subfield code="a">Guerriero, Leila,</subfield>
   <subfield code="d">1967-,</subfield>
   <subfield code="e">autor.</subfield>
   <subfield code="4">aut</subfield>
  </datafield>
  <datafield tag="830" ind1=" " ind2="0">
   <subfield code="a">Nuevos cuadernos Anagrama ;</subfield>
   <subfield code="v">37</subfield>
  </datafield>
  <datafield tag="082" ind1="0" ind2="4">
   <subfield code="a">982.91</subfield>
   <subfield code="2">21</subfield>
  </datafield>
  <datafield tag="650" ind1=" " ind2="7">
   <subfield code="a">Historia</subfield>
   <subfield code="2">unbist</subfield>
  </datafield>
  <datafield tag="650" ind1=" " ind2="4">
   <subfield code="a">Guerra de las Malvinas, 1982</subfield>
  </datafield>
  <datafield tag="651" ind1=" " ind2="4">
   <subfield code="a">Argentina</subfield>
  </datafield>
  <datafield tag="651" ind1=" " ind2="4">
   <subfield code="a">Islas Malvinas (Tierra del Fuego, Antártida e Islas del Atlántico Sur)</subfield>
  </datafield>
  <datafield tag="859" ind1=" " ind2=" ">
   <subfield code="a">AR-BaUNS</subfield>
   <subfield code="b">BIB. CENTRAL - Sector A</subfield>
   <subfield code="h">982.91</subfield>
   <subfield code="i">G937</subfield>
   <subfield code="p">129030/025</subfield>
  </datafield>
 </record>
</collection>
